00399nam a22001337a 450000500170000000800410001704100130005808200120007110000120008324500500009526000650014530000300021065000250024020240807100656.0240807b |||||||| |||| 00| 0 eng d aEnglish  a349 TRA lEnglish aTransvaal Law Reports: Supreme and High Court aGrahamstown, Cape Colony: bAfrican Book Company Ltd, c1908 bxiv, 213 pages; c25 cm.  aLegal practice bLaw